[Event "Let's Play through the Olympics"]
[Site "SchemingMind.com"]
[Date "2016.09.14"]
[Round "-"]
[White "ray winteringham"]
[Black "DANDYLIONHONEYBADGER"]
[Result "1-0"]
[WhiteCountry "ENG"]
[BlackCountry "USA"]
[WhiteElo "1470"]
[WhiteRD "52"]
[BlackElo "1312"]
[BlackRD "64"]
[GameID "403578"]

1. e4 e5 2. Nf3 Nc6 3. Bc4 Nh6 4. O-O Na5 5. Bxf7+ Nxf7 6. Nxe5 Nxe5 7. Qh5+ Nf7 8. Qxa5 b6 9. Qc3 c5 10. d3 Ba6
11. Bf4 Bd6 12. Bxd6 Nxd6 13. Qxg7 Nf7 14. Nc3 Qg5 15. Qxg5 Nxg5 16. Nd5 Ne6 17. f4 Nd4 18. Nc7+ Ke7 19. Nxa6 h5 20. b4 Ne2+
21. Kh1 Raf8 22. f5 h4 23. Rf2 Ng3+ 24. Kg1 h3 25. hxg3 h2+ 26. Kh1 Rfg8 27. Rf3 Kd6 28. b5 Rg4 29. Re1 Ke5 30. Nc7 Kd4
31. e5 Kc3 32. Nd5+ Kd2 33. Ref1
1-0

[Event "Let's Play through the Olympics"]
[Site "SchemingMind.com"]
[Date "2016.09.14"]
[Round "-"]
[White "DANDYLIONHONEYBADGER"]
[Black "ray winteringham"]
[Result "0-1"]
[WhiteCountry "USA"]
[BlackCountry "ENG"]
[WhiteElo "1312"]
[WhiteRD "64"]
[BlackElo "1470"]
[BlackRD "52"]
[GameID "403579"]

1. Nc3 d5 2. d4 Bf5 3. Nf3 e6 4. Nh4 Qxh4 5. g3 Qd8 6. h4 Be7 7. Bd2 Nc6 8. a3 Nxd4 9. e3 Nxc2+ 10. Ke2 Nxa1
11. Qxa1 Nf6 12. f3 d4 13. Nb5 dxe3 14. Bxe3 Bd3+ 15. Kf2 Bxb5 16. Bxb5+ c6 17. Rd1 Qc7 18. Be2 O-O 19. Bc4 b5 20. Bd3 Nh5
21. Ke1 Qxg3+ 22. Bf2 Qxf3 23. Be2 Qh1+ 24. Bf1 Bxh4 25. Kd2 Bxf2 26. Kc2 Qh2 27. Rd2 Qf4 28. Qd1 Qf5+ 29. Bd3 Qc5+ 30. Kb1 Bd4
31. Rc2 Qd5 32. Rh2 Bxb2 33. Rxh5 f5 34. Qc2 Bxa3 35. Qe2 Qb3+
0-1

[Event "Let's Play through the Olympics"]
[Site "SchemingMind.com"]
[Date "2016.09.09"]
[Round "-"]
[White "ray winteringham"]
[Black "Wojtek26"]
[Result "1/2-1/2"]
[WhiteCountry "ENG"]
[BlackCountry "POL"]
[WhiteElo "1507"]
[WhiteRD "49"]
[BlackElo "1469"]
[BlackRD "44"]
[GameID "403580"]

1. e4 e5 2. Nf3 Nc6 3. Bb5 Nge7 4. d3 g6 5. Be3 Bg7 6. Nbd2 O-O 7. Qe2 d5 8. exd5 Nxd5 9. Bxc6 bxc6 10. a3 Bg4
11. h3 Nxe3 12. Qxe3 Bxf3 13. Nxf3 Re8 14. O-O Rb8 15. Qc1 e4 16. dxe4 Rxe4 17. c3 Re2 18. Re1 Rbxb2 19. Rxe2 Rxe2 20. Rb1 Re8
21. Rb7 a5 22. c4 c5 23. Ra7 c6 24. Ra6 Re6 25. a4 Rd6 26. Kh2 Rd1 27. Qg5 Qd6+ 28. Qg3 Qxg3+ 29. Kxg3 Rc1 30. Rxa5 Rxc4
31. Ra8+ Bf8 32. Ne5 Rc3+ 33. f3 Kg7 34. Nxc6 Bd6+ 35. Kf2 Rc2+ 36. Kf1 Ra2 37. a5 c4 38. Nd4 c3 39. Rc8 Rxa5 40. Ne2 Be5
41. Nxc3 Ra1+ 42. Ke2 Rc1=
1/2-1/2

[Event "Let's Play through the Olympics"]
[Site "SchemingMind.com"]
[Date "2016.09.09"]
[Round "-"]
[White "Wojtek26"]
[Black "ray winteringham"]
[Result "1-0"]
[WhiteCountry "POL"]
[BlackCountry "ENG"]
[WhiteElo "1469"]
[WhiteRD "44"]
[BlackElo "1507"]
[BlackRD "49"]
[GameID "403581"]

1. d4 d5 2. c4 dxc4 3. e3 b5 4. Qf3 c6 5. a4 Qc7 6. axb5 Bb7 7. Bxc4 Nf6 8. Ne2 cxb5 9. Bxb5+ Nc6 10. d5 Nxd5
11. Qxd5 Rd8 12. Qc4 a6 13. Bxc6+ Bxc6 14. Rxa6 Rd6 15. Nd4 Kd7 16. Qc5 e5 17. Ra7 Bb7 18. Qb5+ Kc8 19. Bd2 exd4 20. O-O Be7
21. Rc1 Rc6 22. Rxc6 Qxc6 23. Qxc6+ Bxc6 24. Rxe7 Rd8 25. exd4 Rxd4 26. Rxf7 Be4 27. Rf4 g5 28. Rxe4 Rxe4 29. f3 Re2 30. Kf1 Re5
31. Bc3 Rd5 32. Nd2 h5 33. Kf2 Kd7 34. Ne4 Ke6 35. Ng3 g4 36. fxg4 hxg4 37. Ne2 Kf5 38. h3 gxh3 39. gxh3 Kg5 40. Nd4 Kh4
41. Ne2 Rg5 42. Bf6
1-0

[Event "Let's Play through the Olympics"]
[Site "SchemingMind.com"]
[Date "2016.09.14"]
[Round "-"]
[White "Chessibelle"]
[Black "DANDYLIONHONEYBADGER"]
[Result "0-1"]
[WhiteCountry "ENG"]
[BlackCountry "USA"]
[WhiteElo "1128"]
[WhiteRD "60"]
[BlackElo "1312"]
[BlackRD "64"]
[GameID "403582"]

1. Nf3 Nc6 2. e3 a6 3. d4 d5 4. Nc3 e6 5. Bd3 g6 6. O-O f6 7. Re1 Bb4 8. Bd2 Nge7 9. a3 Bxc3 10. Bxc3 b6
11. b4 O-O 12. e4 Re8 13. h3 h5 14. Bd2 e5 15. c3 Be6 16. Be3 Kh7 17. Nh4 Rg8 18. Qf3 b5 19. Bd2 Qf8 20. a4 f5
21. Qg3 dxe4 22. Bc2 exd4 23. Qxc7 Rc8 24. Qb6 Nd5 25. Qxa6 g5 26. Qxb5 gxh4 27. Bd1 Qg7 28. Kf1 e3 29. Bxh5 Qxg2+ 30. Ke2 Qxf2+
31. Kd3 Qxd2+ 32. Kc4 Qxc3#
0-1

[Event "Let's Play through the Olympics"]
[Site "SchemingMind.com"]
[Date "2016.09.14"]
[Round "-"]
[White "DANDYLIONHONEYBADGER"]
[Black "Chessibelle"]
[Result "1-0"]
[WhiteCountry "USA"]
[BlackCountry "ENG"]
[WhiteElo "1312"]
[WhiteRD "64"]
[BlackElo "1128"]
[BlackRD "60"]
[GameID "403583"]

1. d4 d5 2. e3 Nf6 3. h3 Nc6 4. c3 e6 5. Nd2 Be7 6. Ngf3 O-O 7. Be2 Bd6 8. g3 a6 9. Bd3 b5 10. Ng5 e5
11. Ndf3 Qd7 12. g4 Re8 13. Qc2 Bb7 14. Bxh7+ Kh8 15. h4 e4 16. Ne5 Nxe5 17. dxe5 Bxe5 18. Rg1 Qe7 19. f3 Nxh7 20. fxe4 f6
21. Nxh7 dxe4 22. Kf1 Qf7 23. h5 Kxh7 24. Ke1 Rad8 25. Rf1 Qe6 26. Qg2 Rd3 27. g5 f5 28. g6+ Kg8 29. h6 Kh8 30. Rh1 Rdd8
31. hxg7+ Kxg7 32. Rh7+ Kf6 33. g7 Rg8 34. Rh6+ Ke7 35. Rxe6+ Kxe6 36. Qg6+ Bf6 37. a4 Rxg7 38. Qh5 Rg1+ 39. Kf2 Rg5 40. Qh2 Kd5
41. Qf4 Rd7 42. axb5 Rd6 43. b3 Rh5 44. Ba3 Rd7 45. Rd1+ Ke6 46. Rxd7 Kxd7 47. b6 Ke6 48. Qxc7 Be5 49. Qe7+ Kd5 50. Qxb7+
1-0

[Event "Let's Play through the Olympics"]
[Site "SchemingMind.com"]
[Date "2016.09.10"]
[Round "-"]
[White "Chessibelle"]
[Black "Wojtek26"]
[Result "0-1"]
[WhiteCountry "ENG"]
[BlackCountry "POL"]
[WhiteElo "1145"]
[WhiteRD "62"]
[BlackElo "1469"]
[BlackRD "44"]
[GameID "403584"]

1. Nf3 d5 2. d4 Nf6 3. e3 e6 4. Nbd2 Be7 5. Bd3 O-O 6. O-O c5 7. c3 c4 8. Bc2 Nc6 9. Re1 Qc7 10. g3 e5
11. Ng5 h6 12. Ngf3 e4 13. Nh4 Ng4 14. Qe2 Bxh4 15. gxh4 Qxh2+ 16. Kf1 Qh1#
0-1

[Event "Let's Play through the Olympics"]
[Site "SchemingMind.com"]
[Date "2016.09.09"]
[Round "-"]
[White "Wojtek26"]
[Black "Chessibelle"]
[Result "0-1"]
[WhiteCountry "POL"]
[BlackCountry "ENG"]
[WhiteElo "1469"]
[WhiteRD "44"]
[BlackElo "1145"]
[BlackRD "62"]
[GameID "403585"]

1. e4 e5 2. Nf3 Nc6 3. Bb5 Nge7 4. d3 d6 5. O-O g6 6. Bg5 Bd7 7. Nbd2 Bg7 8. h3 O-O 9. c3 f6 10. Be3 h6
11. Nh4 Qe8 12. f4 g5 13. fxg5 fxg5 14. Nhf3 a6 15. d4 Ng6 16. Bxc6 Bxc6 17. d5 Bb5 18. c4 Ba4 19. b3 Bd7 20. Qe2 Qe7
21. Rac1 Bf6 22. Nh2 c6 23. Ng4 Bg7 24. Nf2 Nf4 25. Bxf4 gxf4 26. Ng4 Rac8 27. Kf2 Qh4+ 28. Kg1 Be8 29. Nf3 Qh5 30. dxc6 Bxc6
31. Nd4 Bd7 32. Nf6+ Rxf6 33. Qxh5 Be8 34. Qf3 exd4 35. Qg4 Rc7 36. Rxf4 Rg6 37. Qf3 Bc6 38. Qf2 Kh7 39. Qd2 Re7 40. Re1 Be5
41. Rg4 Rf6 42. Rf1 Ref7 43. Rxf6 Rxf6
0-1

[Event "Let's Play through the Olympics"]
[Site "SchemingMind.com"]
[Date "2016.09.14"]
[Round "-"]
[White "DANDYLIONHONEYBADGER"]
[Black "Wojtek26"]
[Result "1-0"]
[WhiteCountry "USA"]
[BlackCountry "POL"]
[WhiteElo "1353"]
[WhiteRD "69"]
[BlackElo "1501"]
[BlackRD "46"]
[GameID "403586"]

1. b4 e5 2. Ba3 d6 3. e4 f5 4. Nc3 Nf6 5. Bd3 f4 6. h3 Be7 7. Nf3 Be6 8. Ng5 Bd7 9. Bc4 Rf8 10. Nxh7 Nxh7
11. Qh5+
1-0

[Event "Let's Play through the Olympics"]
[Site "SchemingMind.com"]
[Date "2016.09.14"]
[Round "-"]
[White "Wojtek26"]
[Black "DANDYLIONHONEYBADGER"]
[Result "1-0"]
[WhiteCountry "POL"]
[BlackCountry "USA"]
[WhiteElo "1529"]
[WhiteRD "46"]
[BlackElo "1312"]
[BlackRD "64"]
[GameID "403587"]

1. e4 e5 2. Nf3 Nc6 3. Bb5 a6 4. Ba4 b5 5. Bb3 Nh6 6. O-O Bc5 7. d3 O-O 8. Bxh6 gxh6 9. Nc3 Be7 10. Nd5 Bd6
11. h3 Na5 12. d4 Nxb3 13. cxb3 Bb7 14. a3 c6 15. Nc3 f6 16. dxe5 fxe5 17. Qxd6 Rf6 18. Qxe5 d6 19. Qd4 c5 20. Qe3 Qe7
21. Qe1 Re6 22. Nd2 Re8 23. f3 Rg6 24. Nd5 Qe5 25. f4 Qd4+ 26. Kh1 Bxd5 27. f5 Rg3 28. Qxg3+ Qg7 29. Qxg7+ Kxg7 30. f6+
1-0